Transportation Engineering (Record no. 4687)

MARC details
000 -LEADER
fixed length control field 00393nam a22001697a 4500
005 - DATE AND TIME OF LATEST TRANSACTION
control field 20160629134931.0
008 - FIXED-LENGTH DATA ELEMENTS--GENERAL INFORMATION
fixed length control field 160629b xxu||||| |||| 00| 0 eng d
020 ## - INTERNATIONAL STANDARD BOOK NUMBER
ISBN 81-85749-639
041 ## - LANGUAGE CODE
Language code of text/sound track or separate title eng
082 ## - DEWEY DECIMAL CLASSIFICATION NUMBER
Item number 12177
100 ## - MAIN ENTRY--AUTHOR NAME
Personal name Upadhyay,A.K
245 ## - TITLE STATEMENT
Title Transportation Engineering
260 ## - PUBLICATION, DISTRIBUTION, ETC. (IMPRINT)
Name of publisher Katson
Year of publication 2012
300 ## - PHYSICAL DESCRIPTION
Number of Pages 346
650 ## - SUBJECT ADDED ENTRY--TOPICAL TERM
Topical Term Diploma Engineering
942 ## - ADDED ENTRY ELEMENTS (KOHA)
Koha item type Books
Holdings
Lost status Damaged status Home library Date acquired Cost, normal purchase price Full call number Accession Number Koha item type Current library Shelving location
    JRU Library 29/06/2016 165.00 12177 12177 Books    
    JRU Library 29/06/2016 165.00 12177 12178 Books   SHELF-44-A
    JRU Library 29/06/2016 165.00 12177 12179 Books   SHELF-44-B
    JRU Library 29/06/2016 165.00 12177 12180 Books    
    JRU Library 29/06/2016 165.00 12177 12181 Books   SHELF-42-C
    JRU Library 29/06/2016 165.00 12177 12182 Books   SHELF-44-A
    JRU Library 29/06/2016 165.00 12177 12183 Books   SHELF-44-A
    JRU Library 29/06/2016 165.00 12177 12184 Books   SHELF-44-C
    JRU Library 29/06/2016 165.00 12177 12185 Books   SHELF-44-A
    JRU Library 29/06/2016 165.00 12177 12186 Books   SHELF-44-B
    JRU Library 29/06/2016 165.00 12177 12187 Books   SHELF-44-A
    JRU Library 29/06/2016 165.00 12177 12188 Books    
    JRU Library 29/06/2016 165.00 12177 12189 Books    
    JRU Library 29/06/2016 165.00 12177 12190 Books   SHELF-44-A
    JRU Library 29/06/2016 165.00 12177 12191 Books   SHELF-44-C
    JRU Library 29/06/2016 165.00 12177 12192 Books   SHELF-44-B
    JRU Library 29/06/2016 165.00 12177 12193 Books   SHELF-44-A
    JRU Library 29/06/2016 165.00 12177 12194 Books   SHELF-44-C
    JRU Library 29/06/2016 165.00 12177 12195 Books   SHELF-44-B
    JRU Library 29/06/2016 165.00 12177 12196 Books   SHELF-44-A
    JRU Library 29/06/2016 165.00 12177 12197 Books   SHELF-44-B